El sexto mandamiento /

Tallennettuna:
Bibliografiset tiedot
Päätekijä: Sanders, Lawrence (autor)
Aineistotyyppi: Kirja
Kieli:espanja
Julkaistu: Emecé, 1997, c1997
Sarja:(Top Emecé ; 103)
Aiheet:
Tagit: Lisää tagi
Ei tageja, Lisää ensimmäinen tagi!

MARC

LEADER 00000nam^a2200000^a^4500
001 000190858
005 20250521000000.0
009 20260310102506.821
020 |a 84-7888-375-4 
025 |a Donación Lourdes Sierra, 1 ejemplar 
037 |a Acervo ITESO - Biblioteca 
041 |a ESP 
082 |a 813.  |b SAN 
100 |a Sanders, Lawrence  |e (autor) 
245 1 3 |a El sexto mandamiento /  |c L. Sanders ; tr. por Raquel Albornoz. 
264 4 |4 Barcelona, España :  |b Emecé,  |c 1997, c1997 
300 |a 294 p. 
336 |a texto  |b txt  |2 rdacontenido 
337 |a sin mediación  |b n  |2 rdamedio 
338 |a volumen  |b nc  |2 rdasoporte 
440 1 |a (Top Emecé ;  |v 103) 
500 |a Traducción de: The Sixth Commandment 
649 |a XX 
650 |a Médicos en la Literatura 
650 |a Novela Norteamericana 
650 |a Literatura Norteamericana -  |y Siglo XX 
650 |a Adulterio en la Literatura 
650 |a Engaño en la Literatura 
910 |a Fondo General 
920 |a Impresos - Libros 
930 |a Colección General 
940 |a Literatura 
905 |a 101 
901 |a 0500133958  |b IT1  |c LIT  |i D  |u 20250521 
902 |a https://opac.biblio.iteso.mx/vufind/Record/000190858